Metodología para el diseño de crecientes en Costa Rica
Kaydedildi:
| Yazar: | |
|---|---|
| Materyal Türü: | Bilinmiyor |
| Baskı/Yayın Bilgisi: |
[San José, Costa Rica]
1981
|
| Konular: | |
| Etiketler: |
Etiketle
Etiket eklenmemiş, İlk siz ekleyin!
|
MARC
| LEADER | 00000 a2200000 4500 | ||
|---|---|---|---|
| 003 | 001348 | ||
| 005 | 20221231143743.0 | ||
| 008 | 140114s1981 c a m 000 ||s d | ||
| 040 | |c cru CEDI | ||
| 090 | |a TFG 1032 | ||
| 100 | |a Zúñiga Méndez, Hugo Eduardo |9 15888 | ||
| 245 | |a Metodología para el diseño de crecientes en Costa Rica | ||
| 260 | |c 1981 |a [San José, Costa Rica] | ||
| 300 | |a viii, 124 hojas : ilustraciones ; 28 cm | ||
| 500 | |a Proyecto de graduación (ingeniero civil) -- Universidad de Costa Rica | ||
| 650 | |x INGENIERÍA HIDRAÚLICA |9 15889 | ||
| 942 | |c TFG | ||
| 999 | |c 11292 |d 11292 | ||
